Responses for show #1932 - Tuesday, January 19, 1993

Darryl Scott wins with $1.

Contestants

Kate Marciniak, a storyteller originally from Chicago, Illinois

Darryl Scott, an Air Force lieutenant colonel originally from Washington, D.C.

Nancy Melucci, a therapist from Irvine, California (whose 1-day cash winnings total $10,401)

Jeopardy! Round responses

"SAVE"
THE EARTH
TV NOSTALGIA
FRUITS & VEGETABLES
MUSEUMS
ANIMALS IN LITERATURE
    $100 3
saves nine

Darryl
    $100 1
mountains

Nancy
    $100 16
Marlo Thomas

Kate
    $100 22
cucumber

Nancy
    $100 8
the Louvre

Nancy
    $100 17
The Canterbury Tales

Darryl
    $200 4
"God Save The King"

Darryl
    $200 2
geysers

Darryl
    $200 27
The Andy Griffith Show

Darryl
    $200 23
an eggplant

Kate
    $200 9
George Washington Carver

Kate
    $200 18
a wolf

Nancy
    $300 5
save face

Darryl
    $300 13
iron

Nancy
    $300 28
a hot dog

Nancy
    $300 24
a banana

Nancy
    $300 10
P.T. Barnum

Darryl
    $300 19
Sherlock Holmes

Darryl
    $400 6
saved by the bell

Darryl
    $400 14
the tundra

Darryl
    $400 29
The Waltons

Kate
    $400 25
(Kate: What is the currant?)

the raspberry

Kate
Triple Stumper
    $400 11
New Jersey

Nancy
    $400 20
John Steinbeck

Kate
    $500 7
Save the Tiger

Kate
    $500 15
(Darryl: What are tidal waves?)
(Alex: Tidal waves? Uh, be more specific on that.)
(Darryl: What is [*]?)

tsunami

Darryl
    $800 30
(Kate: Uh, what is The Love Boat?)
(Alex: Oh no. "Love Is All Around" was the theme song for [*].)

The Mary Tyler Moore Show

Kate
    $500 26
oranges

Triple Stumper
    $500 12
the Smithsonian

Nancy
    $500 21
White Fang

Nancy

Scores at the first commercial break (after clue 15):

Nancy Darryl Kate
$1,400 $2,400 $700

Scores at the end of the Jeopardy! Round:

Nancy Darryl Kate
$2,800 $3,000 $600

Double Jeopardy! Round responses

THE CONSTITUTION
SEAS
LYRICISTS
THE PLANETS
EMPERORS
QUOTES
    $200 2
the Preamble

Nancy
    $200 3
the Aegean

Kate
    $200 1
Hal David

Darryl
    $200 8
Venus

Kate
    $200 6
the Great Wall of China

Darryl
    $200 9
a chicken

Darryl
    $400 23
(Darryl: What is the Senate?)
(Kate: What is the Congress?)

the House of Representatives

DarrylKate
Triple Stumper
    $400 21
the Black Sea

Kate
    $400 4
Betty Comden

Kate
    $400 13
Pluto

Kate
    $400 7
Constantine

Nancy
    $400 14
cheat

Darryl
    $600 24
two

Triple Stumper
    $600 27
the Red Sea

Nancy
    $600 5
Yip

Triple Stumper
    $600 16
Saturn

Kate
    $600 10
Haiti

Darryl
    $600 15
(Sir Walter) Scott

Nancy
    $800 25
alcohol (liquor)

Darryl
    $800 28
the Adriatic

Darryl
    $800 17
Elton John

Kate
    $800 19
Mars

Nancy
    $800 11
(Darryl: What is Hohenzollern?)
[Initially ruled incorrect; reversed before second Daily Double]

William (or Wilhelm) (Hohenzollern accepted)

Darryl
    $800 18
Somerset Maugham

Nancy
    $1000 26
(Kate: What is the 8th Amendment?)
...
(Alex: We have less than a minute to go for the four remaining clues. Darryl, select one.)

the 5th Amendment

Kate
Triple Stumper
    $601 29
(Alex: Yes, that's right. The Carib Indians.)
...
[The end-of-round signal sounds.]
(Alex: And that takes you into the lead by $1 over Nancy.)

the Caribbean Sea

Darryl
    $1000 20
Neptune

Nancy
    $1000 12
Claudius

Nancy
    $1000 22
"Because it's there"

Darryl

Scores at the end of the Double Jeopardy! Round:

Nancy Darryl Kate
$8,200 $8,201 $2,200

[wagering suggestions for these scores]

Final Jeopardy! Round responses

POLITICAL LEADERS
(Alex: Look at this, folks! We have just set a record on Jeopardy! A Jeopardy! champion with $1! Our smallest total ever!)
KateWho is King?
$2,200
NancyWho is King?
$8,200
DarrylWho is Martin Luther Ghandi
$8,200
Nelson Mandela

Final scores:

Nancy Darryl Kate
$0 $1 $0
2nd place: Gibson refrigerator/freezer, portable dishwasher, & gas stove/range + Regal Flavorite cookware + Jeopardy! '92 home game New champion: $1 + Jeopardy! '92 home game 3rd place: Nemesis Igo Dojo handheld electronic game + Jeopardy! '92 home game

Game dynamics:

Coryat scores:

Nancy Darryl Kate
$8,200 $8,600 $3,000
18 R,
0 W
21 R
(including 2 DDs),
1 W
13 R,
4 W
(including 1 DD)

Combined Coryat: $19,800

The J! Archive is created by fans, for fans. The Jeopardy! game show and all elements thereof, including but not limited to copyright and trademark thereto, are the property of Jeopardy Productions, Inc. and are protected under law. This website is not affiliated with, sponsored by, or operated by Jeopardy Productions, Inc. Join the discussion at JBoard.tv.